| 000 | 00437nam a2200181Ia 4500 | ||
|---|---|---|---|
| 001 | 12847 | ||
| 005 | 20260306163011.0 | ||
| 008 | 260306t2002||||xx |||||||||||||| ||spa|| | ||
| 041 | _aESP | ||
| 082 |
_aRD 346.03 _bV36 |
||
| 100 |
_aVásquez Olivera, Salvador. _eAUT |
||
| 245 | 0 |
_aDerecho civil: _bdefiniciones |
|
| 260 | _c2002 | ||
| 300 |
_a638 páginas : _c24 cm. |
||
| 650 | _aGEN | ||
| 654 | _aCDE | ||
| 942 |
_cLIB _dJUS _fJUS _2ddc _n |
||
| 999 |
_c12847 _d12847 |
||